[Event "St Petersburg Korchnoi Memorial op"]
[Site "St Petersburg"]
[Date "2023.08.24"]
[Round "9"]
[White "Petrochenko, Maria"]
[Black "Mitin, Nikita1111"]
[Result "1-0"]
[WhiteElo "1980"]
[BlackElo "1636"]
[PlyCount "71"]
[EventDate "2023.08.18"]
[EventType "swiss"]
[EventRounds "9"]
[EventCountry "RUS"]
[SourceTitle "EXT 2024"]
[Source "ChessBase"]
[SourceDate "2023.10.10"]
[SourceVersion "1"]
[SourceVersionDate "2023.10.10"]
[SourceQuality "1"]

1. d4 d6 2. e4 Nf6 3. f3 c6 4. c4 d5 5. e5 Nfd7 6. cxd5 cxd5 7. e6 fxe6 8. f4 Nc6 9. Nf3 Qb6 10. Nc3 g6 11. Bd3 Bg7 12. Na4 Qa5+ 13. Bd2 Qc7 14. Be3 Nf6 15. Ne5 0-0 16. 0-0 Bd7 17. Nc5 Nxe5 18. fxe5 Ne4 19. Rxf8+ Rxf8 20. Bxe4 dxe4 21. Qb3 b6 22. Nxe6 Bxe6 23. Qxe6+ Kh8 24. Rc1 Qb7 25. Bg5 h6 26. Qxe7 Qd5 27. Be3 Qxa2 28. Rc7 Qb1+ 29. Bc1 Rg8 30. Qa3 h5 31. Qe3 Rd8 32. Qg5 Rxd4 33. Qe7 Rd1+ 34. Kf2 Rf1+ 35. Kxf1 Qd3+ 36. Ke1 1-0

[Event "St Petersburg-ch (Women) 91st"]
[Site "St Petersburg"]
[Date "2023.03.20"]
[Round "3"]
[White "Petrochenko, Maria"]
[Black "Getman, Tatyana"]
[Result "1-0"]
[WhiteElo "2001"]
[BlackElo "2213"]
[PlyCount "117"]
[EventDate "2023.03.18"]
[EventType "swiss"]
[EventRounds "9"]
[EventCountry "RUS"]
[SourceTitle "CBM 213 Extra"]
[Source "ChessBase"]
[SourceDate "2023.05.31"]
[SourceVersion "1"]
[SourceVersionDate "2023.05.31"]
[SourceQuality "1"]

1. d4 Nf6 2. c4 e6 3. g3 d5 4. Nf3 dxc4 5. Bg2 a6 6. Ne5 Bb4+ 7. Nc3 Nd5 8. Bd2 Nb6 9. e3 N8d7 10. Nxd7 Qxd7 11. Ne4 a5 12. a3 Bd6 13. Qc2 Qe7 14. 0-0 0-0 15. Bc3 Nd5 16. a4 b6 17. Rfc1 Ba6 18. Nd2 Rad8 19. Bf1 Nxc3 20. bxc3 e5 21. Nxc4 Bb7 22. Bg2 Bxg2 23. Kxg2 Qe6 24. Nd2 Kh8 25. Re1 f5 26. f3 Qf7 27. Qd3 Be7 28. Qc4 Bf6 29. Qxf7 Rxf7 30. Nc4 Re7 31. Rad1 Kg8 32. f4 exf4 33. exf4 Rxe1 34. Rxe1 Kf7 35. Kf3 g6 36. Ne5+ Kg7 37. g4 fxg4+ 38. Nxg4 c5 39. Re6 cxd4 40. Nxf6 Kf7 41. Rxb6 d3 42. Ne4 d2 43. Nd6+ Ke7 44. Ke2 Rf8 45. Nc4 Rxf4 46. Nxa5 Rxa4 47. Nc6+ Kd6 48. Nb4+ Kc5 49. Rc6+ Kb5 50. Rc7 h5 51. Kxd2 Ra1 52. Re7 Rh1 53. Re5+ Kc4 54. Re4+ Kb3 55. Rh4 Rf1 56. Nd3 Rg1 57. Rb4+ Ka3 58. c4 Rg5 59. Rb5 1-0

[Event "Chigorin Memorial 29th"]
[Site "St Petersburg"]
[Date "2022.10.23"]
[Round "2"]
[White "Petrochenko, Maria"]
[Black "Aleksandrov, Aleksej"]
[Result "0-1"]
[WhiteElo "2051"]
[BlackElo "2475"]
[PlyCount "76"]
[EventDate "2022.10.22"]
[EventType "swiss"]
[EventRounds "9"]
[EventCountry "RUS"]
[SourceTitle "EXT 2024"]
[Source "ChessBase"]
[SourceDate "2023.10.10"]
[SourceVersion "1"]
[SourceVersionDate "2023.10.10"]
[SourceQuality "1"]

1. d4 d5 2. c4 e6 3. Nf3 a6 4. Nbd2 Nf6 5. g3 b6 6. Bg2 Bb7 7. 0-0 Be7 8. b3 0-0 9. Bb2 c5 10. e3 a5 11. dxc5 bxc5 12. Ne5 Qb6 13. Qc2 Na6 14. a3 Rfd8 15. Rfd1 Rab8 16. Rab1 Ba8 17. Ba1 d4 18. Bxa8 Rxa8 19. Ndf3 dxe3 20. fxe3 h6 21. Bc3 Qc7 22. e4 Qb7 23. Re1 Nb8 24. Qe2 Nbd7 25. Nd3 a4 26. e5 Nh7 27. b4 cxb4 28. axb4 a3 29. Nd4 a2 30. Ra1 Nb6 31. Rxa2 Ng5 32. Qg2 Qxg2+ 33. Rxg2 Nxc4 34. Ra1 Ne3 35. Re2 Nc4 36. Ree1 Rxa1 37. Rxa1 Rxd4 38. Bxd4 Nf3+ 0-1

[Event "St Petersburg Korchnoi Memorial op"]
[Site "St Petersburg"]
[Date "2019.08.19"]
[Round "6"]
[White "Odegov, Artem"]
[Black "Petrochenko, Maria"]
[Result "1/2-1/2"]
[WhiteElo "2261"]
[BlackElo "2086"]
[PlyCount "84"]
[EventDate "2019.08.14"]
[EventType "swiss"]
[EventRounds "9"]
[EventCountry "RUS"]
[SourceTitle "CBM 192"]
[Source "ChessBase"]
[SourceDate "2019.10.31"]
[SourceVersion "1"]
[SourceVersionDate "2019.10.31"]
[SourceQuality "1"]

1. d4 d5 2. c4 c6 3. cxd5 cxd5 4. Bg5 Qb6 5. Nc3 e6 6. Qd2 Bd6 7. e3 Nc6 8. Bd3 Bd7 9. Nf3 Nge7 10. Bh4 Na5 11. Rc1 Rc8 12. Qe2 Nc4 13. b3 Ba3 14. Rc2 Nb2 15. 0-0 Nxd3 16. Qxd3 Ng6 17. Bg3 0-0 18. Rb1 Qa5 19. h3 Rc6 20. Na4 Rxc2 21. Qxc2 Rc8 22. Qd1 Bb5 23. Nc5 b6 24. Nb7 Qa6 25. Nd6 Bd3 26. Nxc8 Bxb1 27. Qxb1 Qxc8 28. Qd3 a6 29. Kh2 Bb4 30. Ng1 Ne7 31. f3 b5 32. Ne2 Qc6 33. Bf2 Nc8 34. Qd1 Ba3 35. Be1 Bd6+ 36. g3 Nb6 37. Qd3 Nc8 38. Kg2 Na7 39. Qc3 Qxc3 40. Bxc3 b4 41. Bb2 Nb5 42. Kf2 f6 1/2-1/2

[Event "St Petersburg Korchnoi Memorial op"]
[Site "St Petersburg"]
[Date "2019.08.18"]
[Round "5"]
[White "Petrochenko, Maria"]
[Black "Myslevsky, Fedor"]
[Result "1-0"]
[WhiteElo "2086"]
[BlackElo "1624"]
[PlyCount "87"]
[EventDate "2019.08.14"]
[EventType "swiss"]
[EventRounds "9"]
[EventCountry "RUS"]
[SourceTitle "CBM 192"]
[Source "ChessBase"]
[SourceDate "2019.10.31"]
[SourceVersion "1"]
[SourceVersionDate "2019.10.31"]
[SourceQuality "1"]

1. d4 Nf6 2. c4 e6 3. g3 d5 4. Bg2 c6 5. Nf3 Nbd7 6. Qc2 Bd6 7. 0-0 0-0 8. Nbd2 Re8 9. Rd1 Qc7 10. e4 Nxe4 11. Nxe4 dxe4 12. Qxe4 Nf6 13. Qc2 Qe7 14. c5 Bc7 15. Bg5 h6 16. Bxf6 Qxf6 17. Qc3 Bd7 18. Ne5 Qe7 19. Be4 Red8 20. b4 a6 21. a4 Be8 22. Nc4 Rdb8 23. Ne5 Rd8 24. Rab1 Rac8 25. f4 f6 26. Nf3 Bh5 27. Bc2 Bxf3 28. Qxf3 f5 29. Bb3 Qf6 30. Qe3 Kf7 31. Re1 Re8 32. Rbd1 Rcd8 33. Kg2 Re7 34. Re2 Rde8 35. Rde1 Bb8 36. Bc4 g6 37. Qc3 Bc7 38. Bb3 Bd8 39. Qd2 Bc7 40. b5 cxb5 41. axb5 axb5 42. d5 exd5 43. Qxd5+ Kg7 44. Rxe7+ 1-0

[Event "St Petersburg Korchnoi Memorial op"]
[Site "St Petersburg"]
[Date "2019.08.17"]
[Round "4"]
[White "Siva, Mahadevan"]
[Black "Petrochenko, Maria"]
[Result "1-0"]
[WhiteElo "2270"]
[BlackElo "2086"]
[PlyCount "81"]
[EventDate "2019.08.14"]
[EventType "swiss"]
[EventRounds "9"]
[EventCountry "RUS"]
[SourceTitle "CBM 192"]
[Source "ChessBase"]
[SourceDate "2019.10.31"]
[SourceVersion "1"]
[SourceVersionDate "2019.10.31"]
[SourceQuality "1"]

1. e4 e6 2. d4 d5 3. Nd2 c5 4. exd5 Qxd5 5. dxc5 Bxc5 6. Ngf3 Nf6 7. Bc4 Qd8 8. 0-0 Nc6 9. Qe2 0-0 10. Nb3 Be7 11. Bf4 Nh5 12. Be3 Qc7 13. Rad1 Nf4 14. Bxf4 Qxf4 15. Rfe1 Bf6 16. c3 b6 17. Bb5 Qc7 18. Qc4 Bb7 19. Nbd4 Rfc8 20. Nxe6 Qb8 21. Bxc6 Rxc6 22. Nd8 Qxd8 23. Rxd8+ Rxd8 24. Qe4 h6 25. h4 Rc7 26. Qf4 Rcd7 27. Ne5 Re7 28. Re3 Bxe5 29. Rxe5 Red7 30. Kh2 Bd5 31. a4 Be6 32. Re3 Kh7 33. Qe4+ g6 34. h5 Bf5 35. hxg6+ Bxg6 36. Qf4 Rd3 37. Rxd3 Rxd3 38. Qc7 Rd2 39. f4 Rxb2 40. f5 Bh5 41. Kh3 1-0

[Event "St Petersburg Motiva Cup (Women)"]
[Site "St Petersburg"]
[Date "2019.06.15"]
[Round "3"]
[White "Petrochenko, Maria"]
[Black "Komiagina, Maria"]
[Result "0-1"]
[WhiteElo "2086"]
[BlackElo "2254"]
[PlyCount "102"]
[EventDate "2019.06.15"]
[EventType "swiss"]
[EventRounds "9"]
[EventCountry "RUS"]
[SourceTitle "CBM 190 Extra"]
[Source "ChessBase"]
[SourceDate "2019.07.15"]
[SourceVersion "1"]
[SourceVersionDate "2019.07.15"]
[SourceQuality "1"]

1. d4 Nf6 2. c4 e6 3. g3 Bb4+ 4. Bd2 Be7 5. Bg2 d5 6. Qc2 0-0 7. Nf3 Nbd7 8. 0-0 c6 9. b3 b6 10. Bf4 Ba6 11. Nbd2 c5 12. dxc5 Bxc5 13. Ne5 Rc8 14. Qb2 Bb7 15. Rad1 Qe7 16. Nxd7 Nxd7 17. cxd5 Bxd5 18. e4 Bb7 19. Nc4 Ba6 20. Rfe1 Bxc4 21. bxc4 Rfd8 22. Qb5 e5 23. Bc1 Nf8 24. Rd5 Qf6 25. Be3 Ne6 26. Bh3 Bxe3 27. fxe3 Rc5 28. Qb3 Ng5 29. Bg2 Rdc8 30. Red1 h6 31. Rxc5 Rxc5 32. Qd3 Kh7 33. h4 Ne6 34. Qb3 Rc7 35. Rd5 Nc5 36. Qc3 Re7 37. Qd2 Qg6 38. Qe1 Nxe4 39. Bxe4 Qxe4 40. Qe2 Qg6 41. Kh2 e4 42. Qd2 Qg4 43. Rd4 Qf3 44. Rd7 Rxd7 45. Qxd7 Qe2+ 46. Kh3 Qxc4 47. Qf5+ g6 48. Qf4 Qxa2 49. h5 Qe6+ 50. Kg2 g5 51. Qc7 a5 0-1

[Event "Chigorin Memorial 26th"]
[Site "St Petersburg"]
[Date "2018.11.03"]
[Round "8"]
[White "Petrochenko, Maria"]
[Black "Bhambure, Shantanu"]
[Result "0-1"]
[WhiteElo "2054"]
[BlackElo "2243"]
[PlyCount "88"]
[EventDate "2018.10.27"]
[EventType "swiss"]
[EventRounds "9"]
[EventCountry "RUS"]
[SourceTitle "CBM 187 Extra"]
[Source "ChessBase"]
[SourceDate "2018.11.04"]
[SourceVersion "1"]
[SourceVersionDate "2018.11.04"]
[SourceQuality "1"]

1. b4 d5 2. Bb2 Nf6 3. e3 Bf5 4. Nf3 e6 5. b5 Nbd7 6. Be2 h6 7. 0-0 Bd6 8. d4 0-0 9. Nbd2 c5 10. c4 cxd4 11. Nxd4 Bh7 12. Rc1 Nc5 13. N2f3 dxc4 14. Bxc4 Qe7 15. Ba3 Rfd8 16. Qe2 e5 17. Bxc5 Bxc5 18. Nb3 Bd6 19. Rfd1 e4 20. Nfd4 Bg6 21. Qe1 Ng4 22. g3 Ne5 23. Be2 Ba3 24. Rb1 Nf3+ 25. Nxf3 exf3 26. Bxf3 Bxb1 27. Rxb1 Bb4 28. Qe2 Rac8 29. a4 Bc3 30. a5 Bf6 31. a6 bxa6 32. bxa6 Qb4 33. Qf1 Qa3 34. Bb7 Rc3 35. Qb5 g6 36. Kg2 Rxe3 37. fxe3 Qa2+ 38. Nd2 Rxd2+ 39. Kf3 Rf2+ 40. Ke4 Qc2+ 41. Qd3 Qa4+ 42. Kd5 Rd2 43. Qxd2 Qd7+ 44. Kc4 Qxd2 0-1

[Event "Chigorin Memorial 26th"]
[Site "St Petersburg"]
[Date "2018.10.30"]
[Round "4"]
[White "Petrochenko, Maria"]
[Black "Nuritdinov, Nizomitdin"]
[Result "1-0"]
[WhiteElo "2054"]
[BlackElo "1796"]
[PlyCount "114"]
[EventDate "2018.10.27"]
[EventType "swiss"]
[EventRounds "9"]
[EventCountry "RUS"]
[SourceTitle "CBM 187 Extra"]
[Source "ChessBase"]
[SourceDate "2018.11.04"]
[SourceVersion "1"]
[SourceVersionDate "2018.11.04"]
[SourceQuality "1"]

1. d4 d5 2. c4 e6 3. Nf3 Nf6 4. g3 c6 5. Bg2 Bb4+ 6. Bd2 Be7 7. Qc2 0-0 8. 0-0 b6 9. Rd1 Bb7 10. Bf4 Nbd7 11. Nbd2 Re8 12. e4 dxe4 13. Nxe4 Nxe4 14. Qxe4 Nf6 15. Qe2 Qc8 16. Bh3 h6 17. Ne5 Bf8 18. Rac1 Qd8 19. Qf3 Rc8 20. c5 Qd5 21. Qe2 Qd8 22. Qf3 Qd5 23. Qa3 a6 24. Bg2 Qd8 25. Nc4 b5 26. Nb6 Qxb6 27. cxb6 Bxa3 28. bxa3 Nd5 29. Bxd5 exd5 30. Re1 f6 31. Kf1 Kf7 32. Rc3 Rxe1+ 33. Kxe1 Re8+ 34. Kd2 g5 35. Bd6 Re4 36. Bc5 g4 37. f3 gxf3 38. Rxf3 a5 39. a4 b4 40. a3 bxa3 41. Rxa3 h5 42. Re3 f5 43. Rxe4 dxe4 44. d5 cxd5 45. Kc3 Ke6 46. Kd4 Kf6 47. h4 Ke6 48. Ke3 Bc6 49. Kf4 Kd7 50. Kg5 Bxa4 51. Kxh5 Bc6 52. Kg6 Ke6 53. h5 Ke5 54. h6 f4 55. h7 fxg3 56. h8Q+ Kf4 57. Qf6+ Kg4 1-0

[Event "Chigorin Memorial 26th"]
[Site "St Petersburg"]
[Date "2018.10.28"]
[Round "2"]
[White "Gurskiy, Dmitriy"]
[Black "Petrochenko, Maria"]
[Result "0-1"]
[WhiteElo "1701"]
[BlackElo "2054"]
[PlyCount "118"]
[EventDate "2018.10.27"]
[EventType "swiss"]
[EventRounds "9"]
[EventCountry "RUS"]
[SourceTitle "CBM 187 Extra"]
[Source "ChessBase"]
[SourceDate "2018.11.04"]
[SourceVersion "1"]
[SourceVersionDate "2018.11.04"]
[SourceQuality "1"]

1. e4 c5 2. Nf3 g6 3. c4 Nc6 4. d4 cxd4 5. Nxd4 Nf6 6. Nc3 Nxd4 7. Qxd4 d6 8. Be3 Bg7 9. f3 0-0 10. Qd2 a5 11. Be2 a4 12. 0-0 Be6 13. Rab1 Qa5 14. Rfc1 Rfc8 15. b3 axb3 16. axb3 Nd7 17. Bf1 Qb4 18. Nb5 Qxd2 19. Bxd2 f5 20. Bc3 fxe4 21. fxe4 Be5 22. Nd4 Bf7 23. Nf3 Bxc3 24. Rxc3 b5 25. Rbc1 b4 26. Re3 Rc5 27. e5 Nxe5 28. Nxe5 dxe5 29. Rce1 Raa5 30. g3 Be6 31. Bg2 Kg7 32. Be4 Ra3 33. Bg2 Raa5 34. Rd1 h5 35. h3 Bf5 36. Rd2 Kf6 37. g4 hxg4 38. hxg4 Bxg4 39. Bd5 Ra1+ 40. Kg2 e6 41. Bb7 Ra3 42. Kg3 Bf5 43. Kf2 Rc7 44. Bg2 g5 45. Rd6 Bc2 46. Bd5 Bf5 47. Rb6 Ra2+ 48. Kg3 Ra3 49. Kf2 g4 50. Bg2 Kg5 51. Rxb4 Kf4 52. Rc3 Ra2+ 53. Kg1 Ra1+ 54. Bf1 Rd7 55. Ra4 Rb1 56. c5+ e4 57. Ra2 g3 58. Kg2 Rdd1 59. Rxg3 Rxf1 0-1

[Event "Chigorin Memorial 25th"]
[Site "St Petersburg"]
[Date "2017.10.28"]
[Round "8"]
[White "Petrochenko, Maria"]
[Black "Aga, Rihard"]
[Result "1/2-1/2"]
[WhiteElo "2093"]
[BlackElo "1842"]
[PlyCount "102"]
[EventDate "2017.10.21"]
[EventType "swiss"]
[EventRounds "9"]
[EventCountry "RUS"]
[SourceTitle "CBM 181 Extra"]
[Source "ChessBase"]
[SourceDate "2017.12.12"]
[SourceVersion "1"]
[SourceVersionDate "2017.12.12"]
[SourceQuality "1"]

1. d4 d5 2. c4 e6 3. Nf3 c6 4. Qc2 Nf6 5. g3 Nbd7 6. Bg2 Be7 7. 0-0 b6 8. cxd5 cxd5 9. Bf4 Bb7 10. Nc3 Rc8 11. Qb3 a6 12. Rac1 0-0 13. Na4 b5 14. Nc3 Nb6 15. a4 b4 16. Na2 a5 17. Rxc8 Qxc8 18. Rc1 Qa8 19. Qd1 Rc8 20. b3 Ne4 21. Qd3 Ba6 22. Qe3 Rxc1+ 23. Nxc1 Qc8 24. h4 Qc2 25. Ne5 Bf6 26. Bf3 Nc3 27. Qd2 Qxd2 28. Bxd2 Bxe5 29. dxe5 Nd7 30. Bf4 Kf8 31. Kf1 Ke7 32. Ke1 Nc5 33. Be3 Nb7 34. Kd2 Ne4+ 35. Bxe4 dxe4 36. Bd4 f5 37. f3 exf3 38. exf3 Kd7 39. Nd3 Kc6 40. Nf4 Nd8 41. Ke3 g6 42. g4 Bc8 43. gxf5 exf5 44. Ba7 Ne6 45. Ne2 Ba6 46. Nd4+ Nxd4 47. Kxd4 Bc8 48. Kd3 Be6 49. Kc2 f4 50. Bb8 h6 51. Bd6 Bd5 1/2-1/2

[Event "Narva Baltic Stars"]
[Site "Narva"]
[Date "2015.12.11"]
[Round "3"]
[White "Tonso, Liina"]
[Black "Petrochenko, Maria"]
[Result "0-1"]
[WhiteElo "1630"]
[BlackElo "1947"]
[PlyCount "114"]
[EventDate "2015.12.09"]
[EventType "team-tourn"]
[EventRounds "5"]
[EventCountry "EST"]
[SourceTitle "CBM 170 Extra"]
[Source "ChessBase"]
[SourceDate "2016.02.25"]
[SourceVersion "1"]
[SourceVersionDate "2016.02.25"]
[SourceQuality "1"]

1. e4 d5 2. exd5 Qxd5 3. Nc3 Qa5 4. d4 Nf6 5. Nf3 Bg4 6. Be2 Nc6 7. 0-0 0-0-0 8. Be3 e5 9. Bd2 Bxf3 10. Bxf3 Nxd4 11. Be2 Qb6 12. Rb1 Qe6 13. Bd3 Qd7 14. Re1 Nxc2 15. Bxc2 Qxd2 16. Bf5+ Kb8 17. Rxe5 Qxd1+ 18. Rxd1 Rxd1+ 19. Nxd1 Bd6 20. Re2 g6 21. Bc2 Re8 22. Re3 Bc5 23. Rxe8+ Nxe8 24. Nc3 Bd4 25. Bb3 Bxc3 26. bxc3 Nd6 27. Kf1 c5 28. Ke2 c4 29. Bc2 Nb5 30. Kd2 Kc7 31. Be4 Kb6 32. Bd5 Nd6 33. f4 Kc5 34. Bf3 b5 35. a3 a5 36. g4 Nc8 37. Be4 Nb6 38. h4 Nd5 39. f5 Nf6 40. Bf3 gxf5 41. gxf5 Nd7 42. Bh5 f6 43. Be2 b4 44. cxb4+ axb4 45. axb4+ Kxb4 46. Kc2 c3 47. Bf3 Ne5 48. Bd5 h6 49. Be4 Kc4 50. Bg2 Ng4 51. Be4 Kd4 52. Bf3 Ne3+ 53. Kc1 Kd3 54. Bc6 Nxf5 55. h5 Nd4 56. Ba4 f5 57. Bd7 c2 0-1

[Event "RUS-chT U18"]
[Site "St Petersburg"]
[Date "2015.08.02"]
[Round "2.40"]
[White "Miroshnik, Ekaterina"]
[Black "Petrochenko, Maria"]
[Result "1-0"]
[WhiteElo "1786"]
[BlackElo "1997"]
[PlyCount "143"]
[EventDate "2015.08.01"]
[EventType "team-swiss"]
[EventRounds "9"]
[EventCountry "RUS"]
[SourceTitle "CBM 167 Extra"]
[Source "ChessBase"]
[SourceDate "2015.09.14"]
[SourceVersion "1"]
[SourceVersionDate "2015.09.14"]
[SourceQuality "1"]
[WhiteTeam "Teis Youth"]
[BlackTeam "St Petersburg Anichkov Palace"]
[WhiteTeamCountry "RUS"]
[BlackTeamCountry "RUS"]

1. d4 d5 2. c4 c6 3. Nc3 e5 4. e3 e4 5. cxd5 cxd5 6. Nge2 Nf6 7. Nf4 Nc6 8. Qb3 Bb4 9. Bb5 Qd6 10. 0-0 a6 11. Qa4 0-0 12. Bxc6 bxc6 13. Bd2 Rb8 14. a3 Bxc3 15. Bxc3 g5 16. Ne2 Ng4 17. Ng3 Qg6 18. Bb4 Re8 19. Rac1 Rb5 20. Qc2 Bd7 21. Qe2 f5 22. h3 Nf6 23. Bd6 a5 24. Be5 Rf8 25. Rc2 Ne8 26. Qd2 Nd6 27. Ne2 Nc4 28. Qc1 Re8 29. Bg3 Rb7 30. Nc3 Nb6 31. b3 Rf8 32. Ne2 Nc8 33. Rc5 Ra7 34. Qc3 a4 35. bxa4 Nb6 36. Ra5 Nxa4 37. Qb4 Rxa5 38. Qxa5 Nb2 39. Qc7 Qe6 40. Rb1 Nc4 41. Rb7 Rf7 42. Qd8+ Be8 43. Qxg5+ Qg6 44. Qxg6+ hxg6 45. Rb8 Rf8 46. a4 Bd7 47. Rb7 Rf7 48. Nc3 Bc8 49. Rb8 Rf8 50. Na2 Ba6 51. Nb4 Rxb8 52. Bxb8 Bb7 53. Bc7 Kf7 54. a5 Ke7 55. a6 Ba8 56. a7 Kd7 57. Na6 Kc8 58. Bb8 Na3 59. Nc5 Nb5 60. Kh2 Nc3 61. h4 Nd1 62. Kg3 Nc3 63. Kf4 Nd1 64. Kg3 Nc3 65. Ne6 Ne2+ 66. Kh2 Nc1 67. Nf8 Nd3 68. Kg1 c5 69. dxc5 Nxc5 70. Nxg6 Nd7 71. Ne7+ Kd8 72. Nxf5 1-0

[Event "RUS-chT U18"]
[Site "St Petersburg"]
[Date "2015.08.01"]
[Round "1.4"]
[White "Petrochenko, Maria"]
[Black "Kisteneva, Liza"]
[Result "1/2-1/2"]
[WhiteElo "1997"]
[BlackElo "2069"]
[PlyCount "147"]
[EventDate "2015.08.01"]
[EventType "team-swiss"]
[EventRounds "9"]
[EventCountry "RUS"]
[SourceTitle "CBM 167 Extra"]
[Source "ChessBase"]
[SourceDate "2015.09.14"]
[SourceVersion "1"]
[SourceVersionDate "2015.09.14"]
[SourceQuality "1"]
[WhiteTeam "St Petersburg Anichkov Palace"]
[BlackTeam "Moscow SSHOR Youth"]
[WhiteTeamCountry "RUS"]
[BlackTeamCountry "RUS"]

1. b4 e5 2. Bb2 Bxb4 3. Bxe5 Nf6 4. c3 Be7 5. d4 d5 6. e3 0-0 7. Bxf6 Bxf6 8. Bd3 Re8 9. Ne2 b6 10. 0-0 Bb7 11. Nd2 Nd7 12. a4 c5 13. Qb1 g6 14. a5 cxd4 15. cxd4 Qe7 16. Rc1 Qd6 17. Bb5 bxa5 18. Nb3 Reb8 19. Qd3 a6 20. Nxa5 axb5 21. Nxb7 Qb6 22. Rxa8 Rxa8 23. Nc5 Nxc5 24. dxc5 Qc6 25. Nd4 Bxd4 26. exd4 b4 27. Qb3 Rb8 28. g3 Qe6 29. Rb1 Kg7 30. Qe3 Qxe3 31. fxe3 f5 32. Kf2 Kf6 33. Ke2 Ke6 34. Kd3 Kd7 35. Ra1 Kc6 36. Ra6+ Kb5 37. Ra7 h6 38. Ra1 Re8 39. Ra7 Rb8 40. Ra1 Rb7 41. Ra8 g5 42. Rd8 Kc6 43. Kc2 Re7 44. Rd6+ Kb5 45. Kd3 b3 46. Rb6+ Ka4 47. c6 Rc7 48. Kc3 Ka5 49. Rxb3 Rxc6+ 50. Kd3 Rb6 51. Rc3 Kb4 52. Rc5 Rd6 53. Rc7 Ra6 54. Rb7+ Ka4 55. Rf7 Kb4 56. Rxf5 Ra3+ 57. Ke2 Ra2+ 58. Kf3 Kc4 59. h4 gxh4 60. gxh4 Ra6 61. h5 Rd6 62. Kf4 Re6 63. Re5 Rf6+ 64. Kg4 Kd3 65. Re7 Kd2 66. Re5 Kd3 67. Kg3 Kc4 68. Kg4 Kd3 69. Rxd5 Kxe3 70. Kg3 Ke4 71. Rd7 Rf3+ 72. Kg4 Rf4+ 73. Kg3 Rf3+ 74. Kg4 1/2-1/2

[Event "RUS-ch Higher League (Women) 65th"]
[Site "Kaliningrad"]
[Date "2015.07.01"]
[Round "9"]
[White "Avdeenko, Tatiana"]
[Black "Petrochenko, Maria"]
[Result "1-0"]
[WhiteElo "2158"]
[BlackElo "2083"]
[PlyCount "89"]
[EventDate "2015.06.22"]
[EventType "swiss"]
[EventRounds "9"]
[EventCountry "RUS"]
[SourceTitle "EXT 2017"]
[Source "ChessBase"]
[SourceDate "2016.10.25"]
[SourceVersion "1"]
[SourceVersionDate "2016.10.25"]
[SourceQuality "1"]

1. e4 c5 2. Nc3 Nc6 3. Bb5 Nd4 4. Bc4 a6 5. Nf3 b5 6. Bd3 g6 7. Nxd4 cxd4 8. Ne2 Bg7 9. c3 dxc3 10. dxc3 Bb7 11. Be3 d5 12. Qc2 Nf6 13. e5 Ng4 14. e6 Nxe3 15. exf7+ Kxf7 16. fxe3 Rf8 17. 0-0+ Kg8 18. Rxf8+ Qxf8 19. Rf1 Qe8 20. e4 e5 21. exd5 Bxd5 22. Be4 Qe6 23. Rd1 Bxe4 24. Qxe4 Qb6+ 25. Kh1 Rd8 26. Rxd8+ Qxd8 27. h3 Qd2 28. c4 Qd6 29. cxb5 axb5 30. a3 Qd1+ 31. Kh2 Qb3 32. Nc3 Qxb2 33. Qd5+ Kf8 34. Qd6+ Kg8 35. Qe6+ Kf8 36. Qd6+ Kg8 37. Qd5+ Kf8 38. Qd8+ Kf7 39. Ne4 h6 40. Qd5+ Ke7 41. Nc5 Kf8 42. Qe6 Bh8 43. Nd7+ Kg7 44. Qf6+ Kg8 45. Qf8+ 1-0